Planets Level 2
| Main Author: | |
|---|---|
| Format: | Book |
| Language: | English |
| Published: |
USA :
National Geographic Society ,
2012
|
| Subjects: |
MARC
| LEADER | 00000cam a2200000 7i4500 | ||
|---|---|---|---|
| 001 | 0000103547 | ||
| 005 | 20130722.0 | ||
| 008 | 091207 eng | ||
| 020 | |a 9781426310352 | ||
| 090 | 0 | 0 | |a JLC 500 SER |
| 100 | 1 | |a Carney, Elizabeth | |
| 245 | 1 | 0 | |a Planets Level 2 |c Elizabeth Carney |
| 260 | |a USA : |b National Geographic Society , |c 2012 | ||
| 300 | |a 32p. : |b col.ill. ; |c 23cm. | ||
| 650 | 0 | 0 | |a Sciences |x Juvenile literature |
| 999 | |a 0000206727 |b Buku |c Koleksi Pinjaman Kanak-Kanak |e Perbadanan Perpustakaan Awam Melaka | ||